01281nac a22003251i 4500003000900000005001700009008004100026020001500067020003100082040004300113082001700156245007600173246004400249246002400293250002000317264004700337300005100384336002600435337002800461338002700489500009200516500002400608504005100632650003300683655001700716700005200733942002100785999001500806952013400821EG-ScBUE20250806092028.0250720s2006 enka f bd 001 0 eng d a0199264635 a9780199264636 (alk. paper) aEG-ScBUEbengerdacEG-ScBUEdEG-ScBUE04a546bSHR22200aShriver & Atkins' inorganic chemistry /cPeter Atkins [and four others]3 aShriver and Atkin's inorganic chemistry30aInorganic chemistry aFourth edition. 1aOxford : bOxford University Press,c2006. axxi, 822 pages :bcolor illustrations ;c28 cm 2rdacontentatextbtxt aunmediated2rdamediabn avolumebnc2rdacarrier aPreviously published as: Inorganic chemistry / D.F. Shriver, P.W. Atkins. 3rd ed. 1999. aIncludes glossary.  aIncludes bibliographical references and index. 7aChemistry, Inorganic.2BUEsh vReading book1 aAtkins, P. W.q(Peter William),d1940-eauthor. cBBk546 SHR2ddc c2161d2161 00102ddc3 40708BaccahaMAINbMAINc1STd2012-02-07ePurchasel7m59o546 SHRp000002025r2025-07-15 00:00:00s2019-11-27yBB